[Event "Junior Speed Qual Global"]
[Site "Chess.com INT"]
[Date "2021.06.21"]
[Round "1.6"]
[White "Gukesh, Dommaraju"]
[Black "Suleymanli, Aydin Elshan"]
[Result "1-0"]
[WhiteElo "2578"]
[BlackElo "2560"]
[PlyCount "67"]
[EventDate "2021.06.21"]
[EventType "k.o. (blitz)"]
[EventRounds "3"]
[EventCountry "USA"]
[SourceTitle "CBM 203 Extra"]
[Source "ChessBase"]
[SourceDate "2021.09.30"]
[SourceVersion "1"]
[SourceVersionDate "2021.09.30"]
[SourceQuality "1"]

1. Nf3 Nf6 2. g3 d5 3. Bg2 Bf5 4. O-O e6 5. d3 Be7 6. Nh4 Bg4 7. h3 Bh5 8. f4 ({RR} 8. Qe1 Nfd7 9. Nf3 Nc6 10. e4 Bxf3 11. Bxf3 Nd4 12. Bd1 O-O 13. c3 Nc6 14. d4 dxe4 15. Qxe4 e5 16. dxe5 Ndxe5 17. Be3 Kh8 18. f4 f5 19. Qc2 Nc4 20. Bf2 Qd5 21. b3 Nd6 22. Nd2 Ne4 {Sooraj,M (2154)-Asensio Ramos,E (2227) chess.com INT 2025 1-0 (48)}) 8... Nfd7 9. Nf3 Bg6 10. Qe1 Nc6 $146 ({RR} 10... c6 11. e4 O-O 12. Nc3 Na6 13. a3 f5 14. b4 Bf6 15. e5 Be7 16. Rb1 Nc7 17. Be3 a5 18. Nd4 axb4 19. axb4 Bh5 20. Qd2 Qe8 21. Kh1 Qg6 22. Nce2 Nb5 23. c4 Nxd4 24. Nxd4 Kh8 25. Kh2 {Berczes,D (2425)-Zverev,L (2343) Budapest HUN 2024 ½-½ (49)}) ({RR} 10... f5 11. Nc3 c5 12. e4 fxe4 13. dxe4 d4 14. f5 Bf7 15. fxe6 Bxe6 16. Nd5 O-O 17. Bf4 Nc6 18. Nc7 Bc4 19. Nxa8 Bxf1 20. Bxf1 Qxa8 21. e5 Nb6 22. Qe4 Qd8 23. c4 Qe8 24. Kg2 Qg6 25. Qxg6 {Dubov,D (2614)-Naiditsch,A (2705) Dubai 2014 1-0 (46)}) 11. e4 dxe4 12. dxe4 Nc5 13. Nc3 O-O 14. Qe2 f5 15. exf5 exf5 16. Be3 Ne6 17. Rad1 Qe8 18. Nd5 Bd6 19. Rfe1 Kh8 20. c4 Qf7 21. Qf2 b6 22. b4 Rae8 23. c5 bxc5 24. bxc5 Be7 25. Rb1 Rb8 26. Kh2 Rfd8 27. Rxb8 Rxb8 28. Nxe7 Qxe7 29. Nh4 Qd7 30. g4 Rf8 31. gxf5 Bxf5 32. Nxf5 Rxf5 33. Be4 Rh5 34. Qf3 1-0

[Event "Junior Speed Qual Global"]
[Site "Chess.com INT"]
[Date "2021.06.21"]
[Round "1.14"]
[White "Murzin, Volodar"]
[Black "Vokhidov, Shamsiddin"]
[Result "1-0"]
[WhiteElo "2502"]
[BlackElo "2530"]
[PlyCount "59"]
[EventDate "2021.06.21"]
[EventType "k.o. (blitz)"]
[EventRounds "3"]
[EventCountry "USA"]
[SourceTitle "CBM 203 Extra"]
[Source "ChessBase"]
[SourceDate "2021.09.30"]
[SourceVersion "1"]
[SourceVersionDate "2021.09.30"]
[SourceQuality "1"]

1. e4 c5 2. Nf3 Nc6 3. d3 g6 4. Nbd2 Bg7 5. g3 e6 6. Bg2 Nge7 7. O-O O-O 8. Re1 d6 9. c3 b5 10. a3 ({RR} 10. h4 b4 11. c4 Rb8 12. Nf1 f5 13. Qe2 b3 14. a3 fxe4 15. dxe4 Ba6 16. Bh3 Rxf3 17. Qxf3 Bxc4 18. Ne3 Nd4 19. Qd1 Ba6 20. Bd2 Qf8 21. Bc3 Nf3+ 22. Kg2 Bxc3 23. Bxe6+ Kg7 24. Qxf3 Qxf3+ {Chatziioannidi,F (1546)-Kalyva,K (1761) Nikaia GRE 2023 0-1 (61)}) 10... a5 11. Nf1 ({RR} 11. Qc2 Bb7 12. a4 b4 13. Nc4 d5 14. exd5 Nxd5 15. Bd2 h6 16. Rad1 Qc7 17. Re2 Rad8 18. Rde1 Ba6 19. Nfe5 Nxe5 20. Nxe5 Bb7 21. Qc1 Kh7 22. Ng4 h5 23. Ne5 Nb6 24. Bxb7 Qxb7 25. Qc2 Rd5 {Klenburg,M (2403)-Stellwagen,D (2575) Vlissingen 2006 ½-½ (37)}) 11... Rb8 12. h4 $146 ({RR} 12. d4 cxd4 13. cxd4 d5 14. e5 Qb6 15. Ne3 b4 16. h4 Ba6 17. h5 Rfc8 {½-½ (17) Ignatiadis,K (2140)-Tsarouhas,K (2215) Athens 1996}) 12... b4 13. axb4 axb4 14. Bd2 bxc3 15. bxc3 Qb6 16. Ne3 Ba6 17. Bf1 Ne5 18. Nxe5 Bxe5 19. Rxa6 Qxa6 20. d4 Qb6 21. dxe5 dxe5 22. Nc4 Qc7 23. Bh6 Rfd8 24. Qf3 f5 25. exf5 Nxf5 26. Bg5 Rf8 27. Qe4 Ra8 28. Nxe5 Ra3 29. Bc4 Qb6 30. Nd7 1-0

[Event "Titled Tuesday intern op 22nd June"]
[Site "Chess.com INT"]
[Date "2021.06.22"]
[Round "5"]
[White "Mamedyarov, Shakhriyar"]
[Black "Deepan Chakkravarthy, J."]
[Result "1-0"]
[WhiteElo "2770"]
[BlackElo "2535"]
[PlyCount "87"]
[EventDate "2021.06.22"]
[EventType "swiss (blitz)"]
[EventRounds "11"]
[EventCountry "USA"]
[SourceTitle "CBM 203 Extra"]
[Source "ChessBase"]
[SourceDate "2021.09.30"]
[SourceVersion "1"]
[SourceVersionDate "2021.09.30"]
[SourceQuality "1"]

1. Nf3 Nf6 2. g3 d5 3. Bg2 c6 4. d3 Bf5 5. Nbd2 e6 6. O-O h6 7. Qe1 Be7 8. e4 Bh7 9. Qe2 O-O 10. Re1 Nbd7 ({RR} 10... c5 11. e5 Nfd7 12. h4 Nc6 13. Nf1 a5 14. N1h2 a4 15. a3 b5 16. h5 b4 17. Bf4 Kh8 18. Qd2 bxa3 19. bxa3 Nd4 20. Nxd4 cxd4 21. Nf3 Bc5 22. g4 f6 23. exf6 Qxf6 24. Bg3 Bb6 25. Ne5 {Muse,M (2456)-Dautov,R (2604) Herne 2003 0-1 (45)}) ({RR} 10... c5 11. e5 Nfd7 12. Nf1 Nc6 13. h4 b5 14. N1h2 Rc8 15. Ng4 c4 16. dxc4 dxc4 17. Rd1 Qc7 18. Bf4 Rfd8 19. Nf6+ Kh8 20. Nxh7 Kxh7 21. Ng5+ hxg5 22. Qh5+ Kg8 23. Be4 Nf8 24. hxg5 Rxd1+ 25. Rxd1 {Gubajdullin,A (2238)-Rustemov,A (2525) chess.com INT 2024 0-1 (38)}) 11. e5 Ne8 12. h4 a5 $146 ({RR} 12... c5 13. Nf1 Rc8 14. c4 Nc7 15. Bh3 b5 16. b3 Nb6 17. Rd1 Qd7 18. Ne3 a5 19. Bf1 a4 20. Bd2 Ra8 21. Qe1 Qc6 22. Be2 dxc4 23. dxc4 b4 24. Qf1 Rfd8 25. Be1 Nd7 26. Qg2 Be4 27. bxa4 {Trotzky,N-Kalnins,A Wuerttemberg 1980 0-1 (31)}) 13. Nf1 a4 14. Bf4 a3 15. b3 c5 16. c4 Nc7 17. N1h2 b5 18. Rad1 Rb8 19. Qd2 bxc4 20. dxc4 d4 21. Bxh6 gxh6 22. Qxh6 f6 23. Nxd4 cxd4 24. Rxd4 Rf7 25. Red1 Bf8 26. Qd2 fxe5 27. Rg4+ Kh8 28. Nf3 Nf6 29. Nxe5 Qe7 30. Qf4 Nxg4 31. Nxf7+ Kg8 32. Ng5 Nf6 33. g4 Rd8 34. Re1 Kh8 35. b4 Bg7 36. b5 Rf8 37. b6 Nce8 38. b7 Nd6 39. Rxe6 Qc7 40. Qxd6 Qxd6 41. Rxd6 Nxg4 42. Nf7+ Kg8 43. Bd5 Be5 44. Nxe5+ 1-0

[Event "Titled Tuesday intern op 22nd June"]
[Site "Chess.com INT"]
[Date "2021.06.22"]
[Round "7"]
[White "Mekhitarian, Krikor Sevag"]
[Black "Bluebaum, Matthias"]
[Result "1-0"]
[WhiteElo "2554"]
[BlackElo "2669"]
[PlyCount "77"]
[EventDate "2021.06.22"]
[EventType "swiss (blitz)"]
[EventRounds "11"]
[EventCountry "USA"]
[SourceTitle "CBM 203 Extra"]
[Source "ChessBase"]
[SourceDate "2021.09.30"]
[SourceVersion "1"]
[SourceVersionDate "2021.09.30"]
[SourceQuality "1"]

1. Nf3 d5 2. c4 d4 3. b4 c5 4. Bb2 Nf6 5. g3 a5 6. b5 b6 ({RR} 6... Nbd7 7. Bg2 e5 8. O-O Bd6 9. d3 O-O 10. a4 Ra7 11. Nbd2 Re8 12. e3 b6 13. Nh4 Nf8 14. Bc6 Bd7 15. Bxd7 Rxd7 16. e4 Ng6 17. Ng2 Rf8 18. f4 exf4 19. gxf4 Ne8 20. Rf3 Nh4 21. Nxh4 {So,W (2760)-Anand,V (2757) Bucharest 2019 ½-½ (48)}) ({RR} 6... Qc7 7. Bg2 e5 8. d3 Bd6 9. Nbd2 h6 10. e3 Be6 11. Qe2 Nbd7 12. a4 dxe3 13. Qxe3 O-O 14. O-O Rfe8 15. Rfe1 Rad8 16. Nh4 Bf8 17. h3 b6 18. Ra3 Bd6 19. Qf3 Nf8 20. Nf5 Bxf5 21. Qxf5 {Campos Gomez,M (2323)-Talibov,S (2431) Petrovac MNE 2025 ½-½ (38)}) ({RR} 6... Nbd7 7. Bg2 e5 8. O-O Bd6 9. d3 O-O 10. e3 Re8 11. e4 Nf8 12. Nbd2 Ng6 13. a4 Rf8 14. Bc1 b6 15. Ra2 Ra7 16. h3 h6 17. Nh2 Be6 18. Ng4 Nh7 19. Nh2 Bb8 20. h4 Kh8 21. Re1 {Mekhitarian,K (2569)-Jumabayev,R (2628) Chess.com INT 2022 0-1 (96)}) 7. e3 $146 ({RR} 7. Bg2 Bb7 8. O-O g6 9. e3 dxe3 10. fxe3 Bg7 11. Qe2 O-O 12. Nc3 Nbd7 13. d3 Qc7 14. Rad1 e5 15. Ng5 h6 16. Nge4 Ne8 17. Nd5 Bxd5 18. cxd5 Nd6 19. a4 Kh7 20. Nd2 f5 21. Rc1 Qd8 {Mekhitarian,K (2554)-Balague Camps,M (2210) chess.com INT 2024 1-0 (38)}) 7... Bb7 8. exd4 cxd4 9. Bg2 e5 10. O-O Bd6 11. Re1 O-O 12. Nxe5 Bxg2 13. Kxg2 Bxe5 14. Rxe5 Nbd7 15. Re1 Nc5 16. Ba3 Nfd7 17. Qf3 Qg5 18. h4 Qg6 19. Bxc5 Nxc5 20. Na3 Rae8 21. h5 Qg5 22. d3 Qd2 23. Rxe8 Rxe8 24. Qc6 Qe2 25. Qxb6 Nxd3 26. Qxd4 h6 27. b6 Re4 28. Qd8+ Kh7 29. Rf1 Re3 30. Qd4 Qf3+ 31. Kg1 Re4 32. Qd5 Ne5 33. b7 Qf5 34. b8=Q Nf3+ 35. Kg2 Nh4+ 36. gxh4 Rg4+ 37. Qg3 Rxg3+ 38. fxg3 Qf2+ 39. Rxf2 1-0

[Event "FRA-chT Top 12"]
[Site "Chalons en Champagne"]
[Date "2021.06.25"]
[Round "2.4"]
[White "Edouard, Romain"]
[Black "Maurizzi, Marc Andria"]
[Result "1-0"]
[WhiteElo "2598"]
[BlackElo "2503"]
[PlyCount "75"]
[EventDate "2021.06.24"]
[EventType "team-tourn"]
[EventRounds "11"]
[EventCountry "FRA"]
[SourceTitle "CBM 203 Extra"]
[Source "ChessBase"]
[SourceDate "2021.09.30"]
[SourceVersion "1"]
[SourceVersionDate "2021.09.30"]
[SourceQuality "1"]
[WhiteTeam "Chalonnais Echiquier"]
[BlackTeam "Chartres Echecs"]
[WhiteTeamCountry "FRA"]
[BlackTeamCountry "FRA"]

1. Nf3 d5 2. b3 Nf6 3. Bb2 Bf5 4. g3 e6 5. Bg2 h6 6. O-O Be7 7. Ne5 ({RR} 7. d3 a5 8. a3 O-O 9. Nbd2 Bh7 10. c4 Na6 11. Qb1 dxc4 12. Nxc4 Nc5 13. Nfd2 Nd5 14. e4 Nf6 15. d4 Ncd7 16. Qa2 Nb6 17. Nxb6 cxb6 18. Rac1 Qd7 19. Nc4 Ra6 20. e5 Nd5 21. Ne3 Nxe3 {Yue,T (2016)-Sharankov,G (2238) chess.com INT 2025 0-1 (35)}) 7... Nbd7 8. d3 $146 ({RR} 8. Nxd7 Qxd7 9. d3 O-O 10. Nd2 a5 11. e4 Bh7 12. a3 dxe4 13. Nxe4 Nxe4 14. dxe4 Qxd1 15. Rfxd1 Rfd8 16. Kf1 Bg6 17. Ke2 f6 18. a4 e5 19. f3 Kf7 20. Bh3 Bc5 21. Rxd8 Rxd8 22. Rd1 Rxd1 {Nakamura,H (2769)-So,W (2778) Stavanger 2018 ½-½ (42)}) 8... Nxe5 9. Bxe5 O-O 10. Nd2 Bh7 11. e4 a5 12. a4 c6 13. Qe2 Qb6 14. Bb2 Qa6 15. Kh1 dxe4 16. Nxe4 Bxe4 17. Bxe4 Rfe8 18. f4 Nd5 19. Bxd5 cxd5 20. Qg4 Bf8 21. f5 e5 22. f6 g6 23. Rae1 Qc6 24. Bxe5 Qxc2 25. d4 Rac8 26. h4 Rc3 27. Kg1 h5 28. Qg5 Kh7 29. Bf4 Rxe1 30. Rxe1 Rf3 31. Qe5 Qxb3 32. Kg2 Rxf4 33. Qxf4 Qxa4 34. Qe5 Kg8 35. Rc1 Qb4 36. Rc8 b5 37. Kh3 a4 38. Qe7 1-0

[Event "Goldmoney Asian Prelim"]
[Site "chess24.com INT"]
[Date "2021.06.28"]
[Round "12.3"]
[White "Adhiban, Baskaran"]
[Black "Giri, Anish"]
[Result "1-0"]
[WhiteElo "2660"]
[BlackElo "2780"]
[PlyCount "69"]
[EventDate "2021.06.26"]
[EventType "tourn (rapid)"]
[EventRounds "15"]
[EventCountry "IND"]
[EventCategory "19"]
[SourceTitle "CBM 203 Extra"]
[Source "ChessBase"]
[SourceDate "2021.09.30"]
[SourceVersion "1"]
[SourceVersionDate "2021.09.30"]
[SourceQuality "1"]

1. b3 d5 2. Nf3 Bf5 3. Bb2 e6 4. d3 h6 5. Nbd2 Nf6 6. g3 Bh7 ({RR} 6... c5 7. Bg2 Nc6 8. O-O Be7 9. e4 Bh7 10. Ne5 Nxe5 11. Bxe5 O-O 12. Qe2 Re8 13. Rad1 Nd7 14. Bb2 Bf6 15. e5 Be7 16. c4 Nb6 17. d4 Rc8 18. dxc5 Bxc5 19. Ne4 Be7 20. Qg4 Bf5 21. Qf4 {Grischuk,A (2766)-So,W (2778) Leuven 2018 ½-½ (35)}) ({RR} 6... Nbd7 7. Bg2 Bd6 8. e4 dxe4 9. dxe4 Nxe4 10. Nxe4 Bxe4 11. Bxg7 Rh7 12. Bb2 Qe7 13. Qe2 Bc6 14. O-O-O O-O-O 15. Rhe1 Nf6 16. Kb1 Rhh8 17. a4 Rhe8 18. Rd3 Ba3 19. Red1 Nd5 20. Ne5 Bxb2 21. Kxb2 {Materia,M (2474)-Sathvik Adiga (2390) chess.com INT 2025 1-0 (32)}) ({RR} 6... a5 7. a3 Nbd7 8. Bg2 Bc5 9. O-O O-O 10. e3 c6 11. Qe2 Bh7 12. e4 b5 13. Kh1 Qb6 14. Bh3 a4 15. b4 Be7 16. e5 Ne8 17. Nh4 c5 18. bxc5 Bxc5 19. f4 Bd4 20. Bxd4 Qxd4 21. Ndf3 {Adhiban,B (2532)-Kamsky,G (2609) chess.com INT 2024 0-1 (57)}) 7. Bg2 Be7 8. e4 O-O 9. Qe2 $146 ({RR} 9. Ne5 a5 10. a3 c5 11. O-O a4 12. f4 Nc6 13. Nxc6 bxc6 14. f5 exf5 15. exf5 axb3 16. cxb3 Re8 17. Kh1 Nd7 18. b4 cxb4 19. axb4 Rxa1 20. Bxa1 Bxb4 21. Qg4 Bf8 22. Nb3 Ne5 23. Qa4 h5 {Pastar,S (2359)-Yilmazyerli,M (2466) Ayvalik 2022 ½-½ (50)}) 9... a5 10. a3 a4 11. b4 c5 12. b5 c4 13. dxc4 Nxe4 14. O-O Nd7 15. Rad1 Bf6 16. Nxe4 Bxb2 17. cxd5 exd5 18. Rxd5 Qe7 19. Nfd2 Bxa3 20. Nc4 Bb4 21. c3 Ba5 22. b6 f5 23. Nf6+ Qxf6 24. Rxd7 Qxc3 25. Bxb7 Rab8 26. Nxa5 Qxa5 27. Bd5+ Kh8 28. Qe5 Rg8 29. Rc1 Qxb6 30. Bxg8 Rxg8 31. Rcc7 f4 32. Rxg7 Qb1+ 33. Kg2 f3+ 34. Kh3 Qf5+ 35. g4 1-0

[Event "Goldmoney Asian Rapid KO"]
[Site "chess24.com INT"]
[Date "2021.06.29"]
[Round "1.11"]
[White "Artemiev, Vladislav"]
[Black "Giri, Anish"]
[Result "1-0"]
[WhiteElo "2704"]
[BlackElo "2780"]
[PlyCount "87"]
[EventDate "2021.06.29"]
[EventType "k.o. (rapid)"]
[EventRounds "3"]
[EventCountry "IND"]
[SourceTitle "CBM 203 Extra"]
[Source "ChessBase"]
[SourceDate "2021.09.30"]
[SourceVersion "1"]
[SourceVersionDate "2021.09.30"]
[SourceQuality "1"]

1. Nf3 d5 2. g3 g6 3. Bg2 Bg7 4. O-O e5 5. d3 Nc6 6. Nbd2 Nf6 7. e4 O-O 8. c3 a5 9. Qc2 ({RR} 9. Qa4 dxe4 10. dxe4 Bd7 11. Qc2 a4 12. Rd1 Qe7 13. Nc4 Rfd8 14. Bg5 h6 15. Bxf6 Bxf6 16. Ne3 Be6 17. Rxd8+ Nxd8 18. Nd5 Bxd5 19. exd5 c6 20. c4 Qc5 21. Qe4 Qb4 22. Nxe5 cxd5 23. Nd3 dxe4 {Jareno Badenas,A (2122)-Escudero Ribo,E (1849) Barcelona ESP 2024 ½-½ (40)}) 9... Re8 ({RR} 9... h6 10. b3 Be6 11. Bb2 Qd7 12. Rfe1 Bh3 13. a3 Bxg2 14. Kxg2 dxe4 15. dxe4 Qe6 16. b4 b6 17. Nf1 Rfd8 18. Ne3 Bf8 19. b5 Nb8 20. c4 Nbd7 21. Nd5 Rac8 22. Rad1 Bd6 23. Qd2 Kh7 24. Bc1 {Granda Zuniga,J (2648)-Fridman,D (2597) Germany 2017 ½-½ (70)}) 10. b3 d4 $146 ({RR} 10... b6 11. Re1 Ba6 12. Bf1 Qd7 13. a3 Rad8 14. Bb2 dxe4 15. dxe4 Bxf1 16. Kxf1 Qh3+ 17. Kg1 Ng4 18. Nf1 Bh6 19. Rad1 Bf8 20. b4 Bd6 21. Bc1 f6 22. Qb3+ Kg7 23. Qc4 Nb8 24. Rd3 axb4 25. axb4 {Valdes Romero,L (2402)-Kovalev,V (2637) Chess.com INT 2021 0-1 (65)}) 11. cxd4 exd4 12. a3 Nd7 13. Nc4 Nc5 14. Bg5 Qd7 15. Rab1 b5 16. Ncd2 Ne6 17. e5 Ne7 18. Ne4 Bb7 19. Nc5 Nxc5 20. Qxc5 Nf5 21. Rfe1 Bf8 22. Qc1 c5 23. a4 Bd5 24. axb5 Qb7 25. Qf4 Ng7 26. Nh4 Ne6 27. Bxd5 Qxd5 28. Qf3 Qxf3 29. Nxf3 Reb8 30. h4 Rxb5 31. Nd2 Rab8 32. Ra1 h6 33. Bf6 Bg7 34. Ra3 Nc7 35. Be7 Nd5 36. Bd6 R8b7 37. Ne4 Rxb3 38. Rxa5 Nb4 39. Ra8+ Kh7 40. Nf6+ Bxf6 41. exf6 Nd5 42. Ree8 Nxf6 43. Rh8+ Kg7 44. Be5 1-0

[Event "Titled Tuesday intern op 29th June"]
[Site "Chess.com INT"]
[Date "2021.06.29"]
[Round "4"]
[White "Narayanan, Sunilduth Lyna"]
[Black "Ivanisevic, Ivan"]
[Result "1-0"]
[WhiteElo "2624"]
[BlackElo "2606"]
[PlyCount "103"]
[EventDate "2021.06.29"]
[EventType "swiss (blitz)"]
[EventRounds "11"]
[EventCountry "USA"]
[SourceTitle "CBM 203 Extra"]
[Source "ChessBase"]
[SourceDate "2021.09.30"]
[SourceVersion "1"]
[SourceVersionDate "2021.09.30"]
[SourceQuality "1"]

1. Nf3 d5 2. b3 Bg4 3. Ne5 Bf5 4. d4 e6 5. Bb2 Nf6 6. e3 Nbd7 7. Nd2 c6 8. Bd3 Bxd3 9. cxd3 Be7 $146 ({RR} 9... Nxe5 10. dxe5 Nd7 11. O-O Qb6 12. Nf3 Be7 13. Nd4 c5 14. Ne2 Nb8 15. Nf4 g6 16. Rb1 Nc6 17. a3 Rd8 18. Kh1 d4 19. exd4 Nxd4 20. Ba1 O-O 21. Qg4 Kh8 22. h4 Nf5 23. h5 g5 24. Nh3 {Kayumov,S (2505)-Bosiocic,M (2591) Doha 2016 0-1 (63)}) 10. O-O O-O 11. f4 Nxe5 12. dxe5 Nd7 13. Rf3 f6 14. d4 fxe5 15. dxe5 Qe8 16. Rh3 a5 17. a3 g5 18. g3 Qg6 19. Qg4 Bc5 20. Rh5 Rf5 21. Bd4 Bxd4 22. exd4 gxf4 23. Qxg6+ hxg6 24. Rxf5 exf5 25. gxf4 Nf8 26. Kf2 Ne6 27. Ke3 Kf7 28. Nf3 Rh8 29. h4 b6 30. b4 Ra8 31. b5 cxb5 32. Rc1 b4 33. a4 Ra7 34. Rc6 Rc7 35. Ng5+ Kg8 36. Rxe6 Rb7 37. Rxg6+ Kf8 38. Rf6+ Ke8 39. Re6+ Kd7 40. Rd6+ Kc8 41. Ne6 Kb8 42. Rc6 b5 43. Nc5 bxa4 44. Nxa4 b3 45. e6 b2 46. Nxb2 Rb3+ 47. Nd3 Rb7 48. Rd6 Re7 49. h5 Kc7 50. Rd7+ Rxd7 51. exd7 Kxd7 52. h6 1-0

[Event "Titled Tuesday intern op 29th June"]
[Site "Chess.com INT"]
[Date "2021.06.29"]
[Round "5"]
[White "Vidit, Santosh Gujrathi"]
[Black "Sjugirov, Sanan"]
[Result "1-0"]
[WhiteElo "2726"]
[BlackElo "2661"]
[PlyCount "177"]
[EventDate "2021.06.29"]
[EventType "swiss (blitz)"]
[EventRounds "11"]
[EventCountry "USA"]
[SourceTitle "CBM 203 Extra"]
[Source "ChessBase"]
[SourceDate "2021.09.30"]
[SourceVersion "1"]
[SourceVersionDate "2021.09.30"]
[SourceQuality "1"]

1. Nf3 d5 2. g3 Bg4 3. Bg2 Nd7 4. h3 Bh5 5. O-O c6 6. d3 Ngf6 7. Qe1 e5 8. e4 Bd6 9. Nh4 O-O 10. Nc3 ({RR} 10. Nf5 Bc7 11. Nc3 Bg6 12. Nh4 Nc5 13. exd5 Nxd5 14. Nxg6 hxg6 15. Nxd5 cxd5 16. b4 Na4 17. c4 e4 18. cxd5 Qf6 19. Ba3 Be5 20. dxe4 Bxa1 21. Qxa1 Rfe8 22. Qd1 b5 23. Bc1 Rac8 24. Be3 Nc3 {Berczes,D (2408)-Moldagali,B (2398) Budapest HUN 2025 0-1 (44)}) 10... dxe4 11. Nxe4 Be7 $146 ({RR} 11... Bc7 12. Bd2 Re8 13. a4 a5 14. Bg5 h6 15. Bxf6 Nxf6 16. Nxf6+ Qxf6 17. Qe4 Rad8 18. Qf5 Qxf5 19. Nxf5 Bg6 20. g4 Bxf5 21. gxf5 Rd4 22. Be4 Bb6 23. Kg2 Rb4 24. Ra2 Rd8 25. Kf3 Kf8 26. Rg1 {Howell,D (2663)-Navara,D (2719) chess24.com INT 2020 0-1 (46)}) 12. Nf5 Bg6 13. Nxe7+ Qxe7 14. Bd2 Nd5 15. Nc3 Nxc3 16. Bxc3 Rfe8 17. Qe3 Qd6 18. Rae1 f6 19. f4 exf4 20. Qxf4 Qxf4 21. gxf4 Bf7 22. a4 Nb6 23. b3 Bd5 24. Be4 Bxe4 25. dxe4 Nd7 26. Kg2 Nc5 27. Kf3 Rad8 28. Re2 Kf7 29. Rg1 Rd7 30. h4 Ne6 31. Reg2 Rg8 32. h5 Nd4+ 33. Ke3 Ne6 34. a5 a6 35. b4 Rdd8 36. Rg3 Rde8 37. R1g2 Nc7 38. Kf3 Nb5 39. Bb2 Nd6 40. Re2 f5 41. exf5 Rxe2 42. Kxe2 Nxf5 43. Rd3 Re8+ 44. Be5 Re7 45. Kf3 Ke6 46. c4 g6 47. hxg6 hxg6 48. Kg4 Rh7 49. Kg5 Ne7 50. Rd6+ Kf7 51. Rd7 Rh5+ 52. Kg4 Ke6 53. Rxb7 Nf5 54. Rb6 Rh4+ 55. Kg5 Kf7 56. Rb7+ Ke6 57. Kxg6 Rg4+ 58. Kh7 Ne3 59. Rg7 Rh4+ 60. Kg8 Nxc4 61. Bc7 Ne3 62. Bd8 Rxf4 63. Re7+ Kd5 64. Rxe3 Rxb4 65. Bb6 c5 66. Kf7 c4 67. Kf6 Rb3 68. Re5+ Kd6 69. Re6+ Kd5 70. Re5+ Kd6 71. Rc5 Rf3+ 72. Kg5 c3 73. Kg4 Rd3 74. Kf4 Rh3 75. Ke4 Ke6 76. Rc6+ Kd7 77. Rc5 Kd6 78. Kd4 Kd7 79. Kc4 Kd6 80. Kb3 Kd7 81. Rc4 Kd6 82. Bd4 Kd5 83. Bxc3 Rh1 84. Rc7 Rb1+ 85. Bb2 Rf1 86. Ra7 Rf4 87. Rxa6 Rf3+ 88. Bc3 Kc5 89. Rb6 1-0

[Event "Titled Tuesday intern op 29th June"]
[Site "Chess.com INT"]
[Date "2021.06.29"]
[Round "6"]
[White "Nakamura, Hikaru"]
[Black "Shipov, Sergei"]
[Result "1-0"]
[WhiteElo "2736"]
[BlackElo "2541"]
[PlyCount "93"]
[EventDate "2021.06.29"]
[EventType "swiss (blitz)"]
[EventRounds "11"]
[EventCountry "USA"]
[SourceTitle "CBM 203 Extra"]
[Source "ChessBase"]
[SourceDate "2021.09.30"]
[SourceVersion "1"]
[SourceVersionDate "2021.09.30"]
[SourceQuality "1"]

1. e4 e6 2. d3 d5 3. Nd2 c5 4. Ngf3 Nc6 5. g3 Bd6 6. Bg2 Nge7 7. O-O O-O 8. Re1 Qc7 9. h4 ({RR} 9. a3 Bd7 10. c3 d4 11. cxd4 cxd4 12. Nc4 e5 13. Bd2 b5 14. Nxd6 Qxd6 15. Nh4 b4 16. f4 bxa3 17. bxa3 Rfb8 18. Nf5 Qe6 19. fxe5 Ng6 20. Rc1 Ngxe5 21. Bf4 Rb2 22. Re2 Rab8 23. Rec2 Rxc2 {Sadler,M (2659)-Hansen,E (2573) London 2015 0-1}) 9... Bd7 ({RR} 9... f6 10. c3 Bd7 11. Nf1 Be8 12. Bh3 Nd8 13. d4 dxe4 14. Rxe4 Bh5 15. N1h2 Bxg3 16. fxg3 Qxg3+ 17. Bg2 f5 18. Bf4 Qxg2+ 19. Kxg2 fxe4 20. Bg5 exf3+ 21. Kf2 Nf5 22. dxc5 Nf7 23. Qd7 Nxg5 24. hxg5 {Michelakos,P (2338)-Bellissimo,J (2203) chess.com INT 2024 0-1 (35)}) 10. h5 h6 $146 ({RR} 10... b5 11. h6 g6 12. Nf1 Rac8 13. Ne3 d4 14. Ng4 f6 15. e5 Nxe5 16. Nfxe5 fxe5 17. Bg5 Nd5 18. Bxd5 exd5 19. Nf6+ Kh8 20. Nxd5 Qb7 21. Nf6 Bh3 22. Ne4 Rf5 23. Kh2 Rxg5 24. Kxh3 Rh5+ 25. Kg2 {Ostashevsky,G (2167)-Krasnov,V (2256) Russia 2007 ½-½}) 11. Nf1 b5 12. Qe2 f6 13. c3 b4 14. Ne3 a5 15. exd5 exd5 16. Nh4 Be6 17. Ng6 Rfe8 18. Nxe7+ Nxe7 19. c4 d4 20. Bxa8 Rxa8 21. Nd5 Bxd5 22. cxd5 Qd7 23. Qe6+ Qxe6 24. Rxe6 Rd8 25. Bf4 Nc8 26. Bxd6 Nxd6 27. Rc1 Nf7 28. Rxc5 Ne5 29. Rc7 Nxd3 30. Ree7 Ne5 31. Rxg7+ Kh8 32. Rh7+ Kg8 33. f4 d3 34. Kf1 d2 35. Ke2 Rxd5 36. Kd1 Nc4 37. Rxc4 Kxh7 38. g4 Kg7 39. Rc7+ Kf8 40. Rh7 Rd4 41. Rxh6 Rxf4 42. Kxd2 Rxg4 43. Rxf6+ Ke7 44. Rf5 Rg2+ 45. Kc1 a4 46. Ra5 b3 47. Rxa4 1-0

[Event "Titled Tuesday intern op 29th June"]
[Site "Chess.com INT"]
[Date "2021.06.29"]
[Round "9"]
[White "Hansen, Eric"]
[Black "Pakleza, Zbigniew"]
[Result "1-0"]
[WhiteElo "2606"]
[BlackElo "2501"]
[PlyCount "151"]
[EventDate "2021.06.29"]
[EventType "swiss (blitz)"]
[EventRounds "11"]
[EventCountry "USA"]
[SourceTitle "CBM 203 Extra"]
[Source "ChessBase"]
[SourceDate "2021.09.30"]
[SourceVersion "1"]
[SourceVersionDate "2021.09.30"]
[SourceQuality "1"]

1. b3 d5 2. Bb2 Nf6 3. e3 Bf5 4. Nf3 e6 5. Nh4 Bg6 6. Nxg6 hxg6 7. d3 Nbd7 8. Nd2 c6 9. g3 a5 10. a3 Be7 11. Bg2 O-O 12. O-O $146 ({RR} 12. Qe2 Bd6 13. e4 e5 14. O-O Re8 15. exd5 cxd5 16. c4 Nb6 17. Rfc1 Rc8 18. Bc3 a4 19. b4 Bb8 20. Bb2 Qd7 21. Rc2 d4 22. Re1 g5 23. Ne4 Nxe4 24. Qxe4 g4 25. Qxb7 Qxb7 26. Bxb7 Rcd8 {Nakamura,H (2736)-Shuvalov,E (2182) Chess.com INT 2020 1-0 (44)}) 12... Ne8 13. c4 Bf6 14. d4 Nd6 15. Qc2 Re8 16. Rab1 g5 17. Rfd1 g4 18. e4 dxe4 19. Nxe4 Be7 20. d5 cxd5 21. cxd5 Rc8 22. Qe2 e5 23. Nxd6 Bxd6 24. Qxg4 Nf6 25. Qe2 Qb6 26. Bc1 e4 27. Be3 Qc7 28. Bh3 Rcd8 29. Rbc1 Qe7 30. Bb6 Ra8 31. a4 Qe5 32. Bd4 Qg5 33. Be3 Qg6 34. Rc4 Rad8 35. Bb6 Ra8 36. Bc7 Ra6 37. Bxd6 Rxd6 38. Rc5 b6 39. Rc6 Red8 40. Rxd6 Rxd6 41. Qc4 Qh5 42. Qc8+ Kh7 43. Qf5+ Qxf5 44. Bxf5+ g6 45. Bh3 Rxd5 46. Rxd5 Nxd5 47. Bf1 Kg7 48. Bc4 Nb4 49. f3 exf3 50. Kf2 f5 51. h4 Kf6 52. Kxf3 Ke5 53. Ke3 Nc2+ 54. Kd2 Nd4 55. Ke3 Nc2+ 56. Kd3 Ne1+ 57. Kd2 Nf3+ 58. Ke3 Nd4 59. Bf7 Nc2+ 60. Kd2 Nd4 61. Kd3 Nc6 62. Bxg6 f4 63. gxf4+ Kxf4 64. h5 Kg5 65. Kc4 Kf6 66. Be4 Ne5+ 67. Kb5 Ng4 68. Kxb6 Nf2 69. Bf3 Nd3 70. Kxa5 Nc5 71. Kb4 Na6+ 72. Kb5 Nc7+ 73. Kb6 Ne6 74. a5 Nd4 75. Bd1 Nxb3 76. Bxb3 1-0